000 00456nam a2200217Ia 4500
003 IT-RoPAU
008 120407s9999 xx 000 0 und d
040 _aIT-RoPAU
040 _cIT-RoPAU
041 _afra
100 _aBenedictus
100 _csan
245 _a"La règle de saint Benoìt capitoli 8-73"
250 _aParis
260 _aDu Cerf
300 _c19,5 cm
490 _aS.C.,182
490 _v26
942 _cBK
999 _c23136
_d23136